Gerichte Bayerns - Statistiken

Allgemein
  • Dieses Quiz wurde 39 mal gespielt
  • Das Durchschnittsergebnis liegt bei 80 aus 124
Antwortstatistiken
Instanz Gerichte % Korrekt
AG | ArbG | LG | +2 others Augsburg
100%
AG | ArbG | BayVGH | +7 others München
100%
AG | ArbG | FG | +3 others Nürnberg
97%
LG Ingolstadt
90%
AG Fürth
87%
AG | LG Hof
87%
AG | ArbG | LG Passau
87%
AG | ArbG | LG | +2 others Regensburg
87%
ArbG | SG | VG Würzburg
87%
AG | ArbG | LG | +2 others Bayreuth
83%
AG Erlangen
83%
AG | ArbG | LG Kempten
80%
AG | LG Aschaffenburg
77%
AG | ArbG | LG | OLG Bamberg
77%
AG | LG | SG Landshut
77%
AG | ArbG Rosenheim
73%
AG | LG | VG Ansbach
70%
AG Erding
70%
AG | LG Memmingen
70%
AG Dachau
67%
AG Freising
67%
AG Garmisch-Patenkirchen
67%
AG Neu-Ulm
67%
AG | LG Schweinfurt
67%
AG | LG Coburg
63%
AG Straubing
63%
AG | ArbG | LG Weiden
60%
AG | LG Amberg
57%
AG | LG Deggendorf
57%
AG Kaufbeuren
57%
AG | LG Traunstein
57%
AG Landsberg a. Lech
53%
AG Lindau (Bodensee)
53%
AG Forchheim
50%
AG Fürstenfeldbruck
50%
AG Miesbach
50%
AG Schwabach
50%
AG Kulmbach
47%
AG Starnberg
47%
AG Cham
43%
AG Ebersberg
43%
AG Lichtenfels
43%
AG Neustadt a. d. Aisch
43%
AG Wolfratshausen
43%
AG Altötting
40%
AG Freyung
37%
AG Günzburg
37%
AG Haßfurt
37%
AG Kronach
37%
AG Mühldorf a. Inn
37%
LG München I
37%
LG München II
37%
AG Neuburg
37%
AG Neumarkt
37%
AG Pfaffenhofen
37%
AG Schwandorf
37%
AG Wunsiedel
37%
AG Aichach
33%
AG Kelheim
33%
AG Tirschenreuth
33%
AG Dillingen a. Donau
30%
AG Nördlingen
30%
AG Bad Neustadt
27%
AG Landau a. d. Isar
27%
AG Eggenfelden
23%
AG Weißenburg
23%
AG Obernburg
20%
AG Viechtach
20%
AG Laufen
17%
AG Sonthofen
17%
AG Hersbruck
13%
LG Nürnberg-Fürth
10%
AG Kissingen
7%
AG Wellheim i. Oby
7%
Keine übereinstimmenden Quizze gefunden
Verteilung der Resultate
Anzahl Personen mit jedem Resultat
Perzentil nach korrekt beantworteten Fragen
Ihre Resultats-Entwicklung
Sie haben dieses Quiz noch nicht gespielt